书目信息 |
| 题名: |
土壤和固体废物污染物分析测试方法
|
|
| 作者: | 李国刚 主编 | |
| 分册: | ||
| 出版信息: | 北京 化学工业出版社 2013.2 |
|
| 页数: | 250页 | |
| 开本: | 26cm | |
| 丛书名: | 环境监测分析方法与检测技术丛书 | |
| 单 册: | ||
| 中图分类: | X53 | |
| 科图分类: | ||
| 主题词: | X705--5 , 固体废物--污染物--测试方法 , 土壤--污染物--测试方法 , 固体废物--污染物--分析方法 , 土壤--污染物--分析方法 | |
| 电子资源: | ||
| ISBN: | 978-7-122-15039-4 | |
| 000 | 01226oam2 2200313 45 | |
| 001 | 1360088452 | |
| 005 | 20130530155347.32 | |
| 010 | @a978-7-122-15039-4@dCNY80.00 | |
| 100 | @a20130513d2013 em y0chiy0121 ea | |
| 101 | 0 | @achi |
| 102 | @aCN@b110000 | |
| 105 | @aak a 000yy | |
| 106 | @ar | |
| 200 | 1 | @a土壤和固体废物污染物分析测试方法@ATu Rang He Gu Ti Fei Wu Wu Ran Wu Fen Xi Ce Shi Fang Fa@f李国刚主编@FLi Guo Gang Zhu Bian |
| 210 | @a北京@c化学工业出版社@d2013.2 | |
| 215 | @a250页@c图@d26cm | |
| 225 | 2 | @a环境监测分析方法与检测技术丛书 |
| 320 | @a有书目 (第248-250页) | |
| 330 | @a本书系统介绍了土壤和固体废物中污染物监测技术的研究进展, 对近年土壤、沉积物和固体废物介质中广为关注的常规污染物、无机污染物和有机污染物的分析测试方法的研究结果进行了介绍, 分析方法中包括样品采集、前处理、分析测试、质量控制与保证、数据处理等分析的全过程。 | |
| 461 | 0 | @12001 @a环境监测分析方法与检测技术丛书 |
| 606 | @aX705@v5 | |
| 606 | 0 | @a固体废物@x污染物@x测试方法 |
| 606 | 0 | @a土壤@x污染物@x测试方法 |
| 606 | 0 | @a固体废物@x污染物@x分析方法 |
| 606 | 0 | @a土壤@x污染物@x分析方法 |
| 690 | @aX53@v5 | |
| 701 | 0 | @a李国刚@ALi Guo Gang@4主编 |
| 801 | @aCN@bTANGWEI@c20130522 | |
| 905 | @b0833988-91@dX53@e117@f4 | |
| 土壤和固体废物污染物分析测试方法/李国刚主编.-北京:化学工业出版社,2013.2 |
| 250页:图;26cm.-(环境监测分析方法与检测技术丛书) |
| ISBN 978-7-122-15039-4:CNY80.00 |
| 本书系统介绍了土壤和固体废物中污染物监测技术的研究进展, 对近年土壤、沉积物和固体废物介质中广为关注的常规污染物、无机污染物和有机污染物的分析测试方法的研究结果进行了介绍, 分析方法中包括样品采集、前处理、分析测试、质量控制与保证、数据处理等分析的全过程。 |
| ● |
| 相关链接 |
|
|
|
|
正题名:土壤和固体废物污染物分析测试方法
索取号:X53/117
 
预约/预借
| 序号 | 登录号 | 条形码 | 馆藏地/架位号 | 状态 | 备注 |
| 1 | 0833988 | 208339886 | 第二样本阅览室/ [索取号:X53/117] | 在馆 | |
| 2 | 0833989 | 208339895 | 密集书库-化学系/ [索取号:X53/117] | 在馆 | |
| 3 | 0833990 | 208339902 | 第三借阅区/ [索取号:X53/117] | 在馆 | |
| 4 | 0833991 | 208339911 | 第三借阅区/ [索取号:X53/117] | 在馆 |